000 00341nam a2200133Ia 4500
008 190723s9999 xx 000 0 und d
020 _a13:978-1-25-902762-8
100 _aRoss Westerfield Jordan
245 0 _aFundamentals of Corporate Finance
250 _a9th
260 _aNew Delhi
_bMCGraw Hill
_c2017
300 _a900
942 _cBK
999 _c1278
_d1278